La amenaza del cambio climático historia y futuro / (Registro nro. 11494)

Detalles MARC
000 -LIDER
fixed length control field 00962nam a22003257a 4500
001 - NÚMERO DE CONTROL
Identificador de número de control 001010
003 - IDENTIFICACDOR DE NÚMERO DE CONTROL
control field DO-SdBNP
005 - DATE AND TIME OF LATEST TRANSACTION
control field 20171110083355.0
007 - CAMPOS FIJOS DE DESCRIPCIÓN FÍSICA
fixed length control field 001010
008 - ELEMENTOS DE LONGITUD FIJA
fixed length control field 160810b 2007 sp ||||| |||| 00| 0 spa d
020 ## - ISBN
International Standard Book Number 8430606092
040 ## - FUENTE DE CATALOGACIÓN
Agencia que crea de manera original el registro BPMSU
Idioma de catalogación spa
Agencia que realiza la transcripción BPMSU
082 #4 - NÚMERO DE CLASIFICACIÓN DECIMAL DE DEWEY
Classification number 551.6
Item number F51a
092 ## - LOCALLY ASSIGNED DEWEY DECIMAL CALL NUMBER
Número de clasificación
Número de ítem (Cutter)
100 1# - ASIENTO PRINCIPAL -- NOMBRE PERSONAL
Nombre personal Flannery, Tim
Fechas asociadas con el nombre 1956-.
245 13 - MENCIÓN DE TITULO
Título La amenaza del cambio climático historia y futuro /
Mención de responsabilidad Tim Flannery ; traducción Damián Alou
260 ## - PUBLICACIÓN, DISTRIBUCIÓN, ETC. (PIE DE IMPRENTA)
Lugar de publicación, distribución, etc Madrid :
Nombre del editor, distribuidor, etc. Santillana Ediciones Generales,
-- Taurus,
Fecha de publicación, distribución, etc 2007
300 ## - DESCRIPCIÓN FÍSICA
Extensión 393 p. :
Otros detalles físicos il.;
Dimensiones 24 cm.
490 1# - MENCIÓN DE SERIES
Mención de serie Pensamiento
500 ## - NOTA GENERAL
Nota general Incluye índice alfabético
504 ## - NOTA DE BIBLIOGRAFÍA, ETC.
Bibliography, etc Bibliografía : p. 369-386
650 ## - ENCABEZAMIENTO DE MATERIA--TEMÁTICO
Término temático o nombre geográfico como elemento de entrada CAMBIOS CLIMÁTICOS
650 ## - ENCABEZAMIENTO DE MATERIA--TEMÁTICO
Término temático o nombre geográfico como elemento de entrada CALENTAMIENTO GLOBAL
650 ## - ENCABEZAMIENTO DE MATERIA--TEMÁTICO
Término temático o nombre geográfico como elemento de entrada
700 1# - ASIENTO SECUNDARIO -- NOMBRE PERSONAL
Nombre personal Alou, Damián,
Mención de responsabilidad tr.
830 #0 - ASIENTO SECUNDARIO DE SERIE--TÍTULO UNIFORME
Título uniforme Pensamiento
942 ## - ADDED ENTRY ELEMENTS (KOHA)
Source of classification or shelving scheme Dewey Decimal Classification
Koha item type Libros
945 ## - INFORMACIÓN DE PROCESAMIENTO LOCAL
Información de procesamiento local Invetariado extranjero / 2017 VM
956 ## - LOCAL ELECTRONIC LOCATION AND ACCESS (OCLC)
Nombre de host VMATEO
Número de acceso 10
Información de compresión 20160927
Trayectoria BPMSU
Método de acceso 0069
Existencias
Withdrawn status Lost status Source of classification or shelving scheme Damaged status Not for loan Collection code Home library Current library Date acquired Source of acquisition Total Checkouts Full call number Barcode Date last seen Price effective from Koha item type Copy number
    Dewey Decimal Classification     Colección General Biblioteca Pública Metropolitana Salomé Ureña Biblioteca Pública Metropolitana Salomé Ureña 09/27/2016 Afaguara   551.6 F51a BPMSU16090484 09/27/2016 09/27/2016 Libros  
    Dewey Decimal Classification     Colección General Biblioteca Pública Metropolitana Salomé Ureña Biblioteca Pública Metropolitana Salomé Ureña 11/10/2017 Alfaguara   551.6 F51a BPMSU17110129 11/10/2017 11/10/2017 Libros e. 2